000 00273nam a2200109 a 4500
005 20201002044905.0
008 140401s1970 000 spa d
100 _aSand, George
_941296
245 0 _aTamarĂ­s.
260 _aMadrid -- Libra,
_c1970 -- 185 p.
999 _c43121
_d43121
040 _aDO-SdBNP